Statistics for Closest Countries to Romania

Click here to take the quiz!

General Stats

  • This quiz has been taken 860 times
    (812 since last reset)
  • The average score is 27 of 30

Answer Stats

KmAnswer% Correct
0Bulgaria
99%
0Moldova
99%
0Hungary
98%
0Serbia
98%
0Ukraine
98%
641Russia
97%
400Greece
96%
854Germany
95%
732Italy
95%
503Austria
94%
113Slovakia
94%
297Turkey
94%
146Croatia
93%
159Poland
93%
446Slovenia
92%
183Bosnia
91%
348Montenegro
90%
506Albania
89%
262Kosovo
89%
919Lithuania
89%
625Czech Republic
88%
522Belarus
87%
1451Estonia
87%
1150Latvia
87%
310Macedonia
87%
1415France
82%
1810Georgia
78%
1511Cyprus
76%
1200San Marino
75%
1460Vatican
74%

Score Distribution

Percentile by Number Answered

Percent of People with Each Score

Your Score History

You have not taken this quiz since the last reset